Castle on the Hill - Ed Sheeran - ALL LYRICS - Statistics

General Stats
  • This quiz has been taken 872 times
  • The average score is 272 of 340
Answer Stats
Answer % Correct
a
99%
I
99%
my
98%
the
98%
and
97%
on
97%
was
96%
When
96%
when
96%
to
95%
friend
94%
me
94%
you
94%
castle
93%
hill
93%
old
93%
his
92%
years
92%
brother
91%
friends
91%
six
90%
way
90%
broke
88%
I'm
88%
over
88%
we
88%
it
87%
leg
87%
down
86%
runnin
86%
from
85%
country
84%
go
84%
Drivin
83%
drivin
83%
miss
82%
then
82%
back
81%
feel
81%
home
81%
make
80%
can't
79%
take
79%
wait
79%
younger
78%
but
77%
lanes
77%
its
74%
it's
74%
sunset
74%
not
73%
Tiny
72%
at
71%
know
71%
one
71%
sweet
71%
by
70%
Dancer
70%
did
70%
gettin
70%
so
70%
them
70%
those
70%
watched
70%
in
69%
mountain
69%
of
69%
ninety
68%
singin
68%
Found
67%
found
67%
grass
67%
lost
67%
perfume
67%
real
67%
these
67%
had
66%
rolled
66%
made
65%
through
65%
heart
64%
kiss
63%
tasted
62%
with
62%
first
61%
long
61%
night
61%
second
61%
wife
61%
kids
60%
lives
60%
two
60%
don't
59%
already
58%
drunk
58%
I've
58%
just
58%
one's
58%
overdosed
58%
alone
57%
cigarettes
57%
fields
57%
Friday
57%
people
57%
that
57%
raised
56%
smoking
56%
fifteen
55%
grown
55%
left
55%
right
55%
coast
54%
seen
54%
barely
53%
sell
53%
drink
52%
have
52%
oh
52%
clothes
51%
reckon
50%
hand
48%
straight
47%
up
47%
here
46%
spirits
46%
works
46%
cheap
45%
still
43%
how
42%
remember
42%
buy
41%
got
41%
we've
41%
answers
40%
law
40%
jobs
38%
thrown
38%
paid
36%
we'd
36%
weekend
33%
roaring
31%
No matching quizzes found
Score Distribution
Percent of People with Each Score
Percentile by Number Answered
Your Score History
You have not taken this quiz